01137cam a2200241 a 450000500170000000800410001702000150005804000350007304100080010804400070011608200170012310000350014024501130017525000110028826000760029930000500037550000200042550400600044550502480050565000450075365000630079870000340086120161117020002.0080425t 2006ck ado r 000 0 spa d a9589759246 aCO-BoPUJcCO-BoIAVHdCO-BoIAVH0 aspa ack04a333.918bA721 aArcos Pulido, Mireya del Pilar10aPerifitonbun estudio en el humedal de JaboquecMireya del Pilar Arcos Pulido y Aura Cristina Gómez Prieto a1a ed. aBogotá (Colombia):bUniversidad Colegio Mayor de Cundinamarca,c2006. a63 p.bilustraciones, cuadros y fotosc24 cm. aIncluye anexos. aIncluye referencias bibliográficas (Páginas 61-63). a1. Teoría y métodos aplicados al estudio del perifiton. 2. Apartes del estudio Diagnóstico del estado actual del Humedal Jaboque, Localidad de Engativá, Bogotá D.C., a partir de las microalgas que conforman la comunidad perifítica.14aHumedaleszEngativa (Bogotá, Colombia)24aConservación de humedaleszEngativa (Bogotá, Colombia)1 aGómez Prieto, Aura Cristina